000 00903nam a2200265 a 4500
003 DO-SdBNP
005 20260321073645.0
007 ta
008 090626s2017 dr ao 000 0 spa d
020 _a9789945902662
040 _aDO-SdBNP
_bspa
_cBNPHU
082 4 _aRD863.44
_bB742ma 2017
_222
100 1 _a Bosch, Juan,
_d1909-2001
_976555
245 1 3 _aLa Mañosa :
_bnovela de las revoluciones /
_cJuan Bosch ; presentación Simón Lizardo Mézquita
260 _aSanto Domingo :
_bBanco de Reservas de la República Dominicana,
_c2017.
300 _a165 p. :
_bil., fots. ;
_c23 cm.
500 _aPrimera reimpresión.
590 _aInventariado, 2022/ YL
650 0 _aNovela dominicana
_9223
650 0 _aLiteratura dominicana.
_967
700 1 _aLizardo Mézquita, Simón
_95716
700 1 _aLara Hernández, Manuel
_923055
910 _aYLockward. Validado 2022 /MFF
942 _2ddc
_cLBS1
999 _c53079
_d53079